K statusu lexikalizovaných spojení

Bibliographic Details
Main Author: Kačala, Ján, 1937- (Author)
Format: Article
Language:Slovak
PhysicalDescription:Lit. 9 zázn.
Subjects:

MARC

LEADER 00000nab a2200000 a 4500
001 vtls000639153
003 SK-MaSNL
005 20260304085019.0
008 250425c1997 xo 0 slo
015 |a SNBRB19rr/mm-uuuuu 
035 |a CL0639292 
035 |a urn:nbn:sk:snk-abbr7u 
035 |a (urnnbn)urn:nbn:sk:snk:ar-00348r 
035 |a (uuid)2ddc717d-6685-4d7c-938a-d46f6f9cb637 
040 |a SNKBUCL  |b slo  |c SNKBUCL  |e AACR2 
041 0 |a slo 
044 |a xo  |c SK 
080 |a 801.561.8:808.54-31  |2 1981 
080 |a 808.54-31  |2 1981 
080 |a 801.31  |2 1981 
080 |a 808.54-561.8  |2 1981 
100 1 |a Kačala, Ján,  |d 1937-  |4 aut  |9 89383 
245 1 0 |a K statusu lexikalizovaných spojení  |c Ján Kačala 
300 |b Lit. 9 zázn. 
650 0 7 |a slovenčina  |2 snkbucl  |9 1350 
650 0 7 |a spojenia slovné  |2 snkbucl  |9 1268759 
650 0 7 |a slová kategoriálne  |2 snkbucl  |9 1378023 
655 7 |a články z novín a časopisov  |2 snkbucl  |9 267496 
773 0 |t Slovenská reč  |g Roč. 62, č. 4 (1997), s. 193-203 
850 |a Slovenská národná knižnica 
852 |a Slovenská národná knižnica 
954 |a odborná, vedecká literatúra pôvodná (slovenská)  |2 lita 
958 |a article15 
958 |a NB 
958 |a RK 
958 |a OND 
958 |a EUIPO 
992 |a RBX 
999 |c 2806039  |d 2807969